Cuentos espirituales de Oriente /

Uloženo v:
Podrobná bibliografie
Hlavní autor: Calle, Ramiro A. (autor.)
Médium: E-kniha
Jazyk:španělština
Vydáno: Madrid : Mandala Editores, 2018.
Edice:Biblioteca Ramiro Calle.
Témata:
On-line přístup:https://elibro.unach.elogim.com/es/lc/unach/titulos/292297
Tagy: Přidat tag
Žádné tagy, Buďte první, kdo vytvoří štítek k tomuto záznamu!

MARC

LEADER 00000nam a2200000 i 4500
001 ELB292297
003 FINmELB
005 20260223142500.5
006 m o d |
007 cr cnu||||||||
008 260223s2018 sp o 001 0 spa d
017 |a B-27274-2004  |b España 
020 |a 9788410194816  |q (print) 
035 |a (OCoLC)1574227473 
040 |a FINmELB  |b spa  |e rda  |c FINmELB 
050 4 |a PJ309  |b C157 2018 
080 |a 821.214.3(292.551) 
082 0 4 |a 809.895  |2 23 
100 1 |a Calle, Ramiro A.,  |e autor. 
245 1 0 |a Cuentos espirituales de Oriente /  |c Ramiro Calle. 
264 1 |a Madrid :  |b Mandala Editores,  |c 2018. 
300 |a 1 recurso en línea (142 páginas)  
336 |a texto  |b txt  |2 rdacontent/spa 
337 |a computadora  |b c  |2 rdamedia/spa 
338 |a recurso en línea  |b cr  |2 rdacarrier/spa 
490 1 |a Biblioteca Ramiro Calle 
500 |a incluye índice. 
588 |a Descripción basada en metadatos suministrados por el editor y otras fuentes. 
590 |a Recurso electrónico. Santa Fe, Arg.: elibro, 2026. Disponible vía World Wide Web. El acceso puede estar limitado para las bibliotecas afiliadas a elibro. 
650 4 |a Literatura oriental. 
655 4 |a Libros electrónicos. 
797 2 |a elibro, Corp. 
830 0 |a Biblioteca Ramiro Calle. 
856 4 0 |u https://elibro.unach.elogim.com/es/lc/unach/titulos/292297